TV Show Locations Quiz Stats

 Plays Quiz not verified by Sporcle

Challenge
Share
Tweet
Embed
Score 0/20 Timer 05:00
0 Plays Today
Location Show % Correct
30 Rockefeller Center, New York30 Rock
94.3%
SpringfieldThe Simpsons
93.4%
Bel-AirFresh Prince of Bel-Air
92.9%
Dunder Mifflin, ScrantonThe Office
91.1%
Quahog, Rhode IslandFamily Guy
84.6%
Bar in Boston, MassachusettsCheers
84.3%
*Blank* Park, ColoradoSouth Park
75.7%
Sacred Heart HospitalScrubs
75.1%
Taxi Driver, New York CityTaxi
72.9%
Greendale Community CollegeCommunity
65.1%
Location Show % Correct
Point Place, WisconsinThat 70's Show
59.4%
From Planet Ork, to Boulders ColoradoMork and Mindy
58.3%
Arnold's Drive In, Milwaukee WisconsinHappy Days
56%
City Office, Pawnee IndianaParks and Recreation
48%
129 W. 81st Street, New York CitySeinfeld
34.6%
Buy MoreChuck
28.9%
San Francisco Police Department, San FranciscoMonk
22.3%
Santa Barbara Police Department, Santa BarbaraPsych
19.4%
Lynbrook, Long IslandEverybody Loves Raymond
16.9%
Newport Beach and Balboa Island, CaliforniaArrested Development
7.7%

You're not logged in!

Compare scores with friends on all Sporcle quizzes.
Join for Free
OR
Log In

You Might Also Like...

Show Comments

Extras

Created Jan 25, 2010ReportNominate
Tags:Show Quiz, location

Top Quizzes Today


Score Distribution

Your Account Isn't Verified!

In order to create a playlist on Sporcle, you need to verify the email address you used during registration. Go to your Sporcle Settings to finish the process.

Report this User

Report this user for behavior that violates our Community Guidelines.

Details: